000 00246nam a2200097Ia 4500
001 690528
005 20250826161817.0
008 250824s9999 xx 000 0 und d
245 0 _aMAVİ GÖZYAŞI
_cAHMED GÜNBAY YILDIZ
260 _bTİMAŞ YAYINLARI
999 _c690528
_d690528